| 000 | 00607nam a2200193 i 4500 | ||
|---|---|---|---|
| 001 | 40175 | ||
| 003 | ES-MaACL | ||
| 007 | t| | ||
| 008 | 030305s1969 ag ||||1| spa d | ||
| 100 | 1 |
_aCarnap, Rudolf. _935357 |
|
| 245 | 1 | 0 |
_aFundamentación lógica de la física / _cRudolf Carnap ; traducción de Néstor Miguens. |
| 260 |
_aBuenos Aires : _bEditorial Sudamericana, _c[1969] |
||
| 300 |
_a392 p. ; _c20 cm. |
||
| 490 | 1 | _aBiblioteca de filosofía | |
| 700 | 1 |
_aMiguens, Néstor. _981051 |
|
| 830 | 0 |
_aBiblioteca de filosofía _9181615 |
|
| 852 |
_aES-MaACL _jE-8196 _bR.92501 |
||
| 999 |
_c40175 _d40175 |
||